000 00386nam a2200145 i 4500
001 bg
100 1 _aPURUSHOTHAMAN, P.
245 0 _aReinforced concrete structural elements /
_cP. Purushothaman.
260 _aNew Delhi :
_bTata McGraw-Hill Publishing Company,
_c1986.
040 _cBPK
041 _apol
080 _a624
942 _cKS
008 s pl f |000 0 pol
999 _c23807
_d23807
856 _uhttp://koha.tu.koszalin.pl/cgi-bin/koha/opac-detail.pl?biblionumber=23807
_yKatalog online BPK